مكتبة جامعة عجلون الوطنية

فهرس بحث المكتبة

من الضرورة الى اللانهاية : التأويل في اللغة والترجمة (Record no. 33664)

MARC details
000 -LEADER
fixed length control field 00731nam a22001817a 4500
003 - CONTROL NUMBER IDENTIFIER
control field JO-AjAnu
005 - DATE AND TIME OF LATEST TRANSACTION
control field 20240909111012.0
008 - FIXED-LENGTH DATA ELEMENTS--GENERAL INFORMATION
fixed length control field 240909b jo ||||| |||| 00| 0 ara d
022 ## - INTERNATIONAL STANDARD SERIAL NUMBER
International Standard Serial Number 978-977-5239-94-5
040 ## - CATALOGING SOURCE
Original cataloging agency JO-AjAnu
Language of cataloging ARA
Transcribing agency JO-AjAnu
041 ## - LANGUAGE CODE
Language code of original ARA
100 ## - MAIN ENTRY--PERSONAL NAME
Personal name شيخ الشباب، عمر أحمد
Relator term مؤلف
9 (RLIN) 66172
245 ## - TITLE STATEMENT
Title من الضرورة الى اللانهاية : التأويل في اللغة والترجمة
Statement of responsibility, etc. / عمر احمد شيخ الشباب
260 ## - PUBLICATION, DISTRIBUTION, ETC.
Place of publication, distribution, etc. القاهرة:
Name of publisher, distributor, etc. دار البيان للنشر والتوزيع،
Date of publication, distribution, etc. 2017
300 ## - PHYSICAL DESCRIPTION
Extent 242 صفحة
650 ## - SUBJECT ADDED ENTRY--TOPICAL TERM
Form subdivision التأويل-الترجمة-اللغة-الفلسفة-علم اللغة-علم الدلالة
942 ## - ADDED ENTRY ELEMENTS (KOHA)
Source of classification or shelving scheme Library of Congress Classification
Koha item type Books
Suppress in OPAC No
Holdings
Withdrawn status Lost status Source of classification or shelving scheme Damaged status Not for loan Home library Current library Date acquired Total Checkouts Full call number Barcode Date last seen Price effective from Koha item type
    Library of Congress Classification     مكتبة جامعة عجلون الوطنية مكتبة جامعة عجلون الوطنية 09/09/2024   P306.S485125.2017 A30023 09/09/2024 09/09/2024 Books